000
00301nam a2200157Ia 4500
100
_a
Severdia/Ron
650
_a
Joomla
942
_c
BK
366
_f
20
245
_a
Using Joomla
260
_b
SPD
_c
2010
082
_a
5.133
_b
SEV
300
_a
383
546
_a
ENGLISH
_c
Computers
999
_c
29761
_d
29761